[Event "AUT-chT2W 1112"]
[Site "Austria"]
[Date "2011.11.05"]
[Round "5.3"]
[White "Astl, Peter"]
[Black "Dizdar, Goran"]
[Result "0-1"]
[WhiteElo "2250"]
[BlackElo "2495"]
[PlyCount "68"]
[EventDate "2011.10.07"]
[EventType "team-tourn"]
[EventRounds "11"]
[EventCountry "AUT"]
[SourceTitle "EXT 2012"]
[Source "ChessBase"]
[SourceDate "2011.11.24"]
[SourceVersion "1"]
[SourceVersionDate "2011.11.24"]
[SourceQuality "1"]
[WhiteTeam "Kufstein/Woergl"]
[BlackTeam "Absam"]
[WhiteTeamCountry "AUT"]
[BlackTeamCountry "AUT"]

1. d4 e6 2. Nf3 c5 3. c3 Nc6 4. e3 Nf6 5. Nbd2 Qc7 6. Bd3 b6 7. Qe2 Bb7 8. 0-0 Be7 9. a3 d5 10. b4 0-0 11. Bb2 e5 12. dxe5 Nxe5 13. Nxe5 Qxe5 14. Nf3 Qh5 15. bxc5 bxc5 16. c4 dxc4 17. Bxc4 Rab8 18. Ra2 Ne4 19. Be5 Bd6 20. Bxd6 Nxd6 21. Bd3 Rfd8 22. Rc2 c4 23. Bxc4 Qg6 24. Nh4 Qf6 25. Qg4 Bc8 26. Qf4 Qxf4 27. exf4 Nxc4 28. Rxc4 Ba6 29. Rc7 Bxf1 30. Kxf1 Rb1+ 31. Ke2 Rb2+ 32. Kf3 Rb3+ 33. Kg4 Rxa3 34. f5 a5 0-1

[Event "AUT-chT2W 0910"]
[Site "Austria"]
[Date "2009.10.23"]
[Round "1.2"]
[White "Deglmann, Ludwig"]
[Black "Astl, Peter"]
[Result "1/2-1/2"]
[WhiteElo "2329"]
[BlackElo "2248"]
[PlyCount "80"]
[EventDate "2009.10.23"]
[EventType "team-tourn"]
[EventRounds "11"]
[EventCountry "AUT"]
[SourceTitle "CBM 133 Extra"]
[Source "ChessBase"]
[SourceDate "2010.01.05"]
[SourceVersion "1"]
[SourceVersionDate "2010.01.05"]
[SourceQuality "1"]
[WhiteTeam "Jenbach II"]
[BlackTeam "Kufstein"]
[WhiteTeamCountry "AUT"]
[BlackTeamCountry "AUT"]

1. g3 d5 2. Nf3 c6 3. Bg2 Nf6 4. 0-0 h6 5. d3 Bf5 6. c4 e6 7. Nc3 dxc4 8. dxc4 Qxd1 9. Rxd1 Nbd7 10. Bf4 Be7 11. Bd6 Bxd6 12. Rxd6 Ke7 13. Rd2 Rhd8 14. Nd4 Ne5 15. b3 Bh7 16. Rad1 Rac8 17. h3 Ned7 18. Kf1 Nc5 19. b4 Nce4 20. Nxe4 Nxe4 21. Bxe4 Bxe4 22. f3 Bg6 23. Ke1 f6 24. c5 e5 25. Nb3 Bf7 26. Rxd8 Rxd8 27. Na5 Rb8 28. a3 Be6 29. h4 Bd7 30. Rd6 Kd8 31. Kd2 Kc7 32. Kc3 b6 33. Nb3 Re8 34. Rd1 Be6 35. cxb6+ axb6 36. a4 Ra8 37. Ra1 Bxb3 38. Kxb3 Rd8 39. Kc3 Kb7 40. h5 Ka6 1/2-1/2

[Event "AUT-chT2W 0708"]
[Site "Austria"]
[Date "2008.01.27"]
[Round "8.4"]
[White "Astl, Peter"]
[Black "Burschowsky, Matthias"]
[Result "0-1"]
[WhiteElo "2263"]
[BlackElo "2208"]
[PlyCount "84"]
[EventDate "2007.10.06"]
[EventType "team"]
[EventRounds "11"]
[EventCountry "AUT"]
[SourceTitle "EXT 2009"]
[Source "ChessBase"]
[SourceDate "2008.11.26"]
[SourceVersion "1"]
[SourceVersionDate "2008.11.26"]
[SourceQuality "1"]
[WhiteTeam "Woergl"]
[BlackTeam "Hohenems II"]
[WhiteTeamCountry "AUT"]
[BlackTeamCountry "AUT"]

1. Nf3 Nf6 2. d4 e6 3. e3 b6 4. Bd3 Bb7 5. Nbd2 c5 6. 0-0 Be7 7. b3 0-0 8. Bb2 d6 9. c4 Nbd7 10. Qc2 h6 11. Rad1 Rc8 12. Qb1 Rc7 13. Rfe1 Qa8 14. e4 cxd4 15. Nxd4 a6 16. f3 Rd8 17. Bf1 Ne5 18. g3 Nc6 19. Qa1 Qa7 20. Kh1 Nxd4 21. Bxd4 Bc6 22. a4 a5 23. Bg2 Ne8 24. Nf1 Rcd7 25. Ne3 Qb7 26. Rd3 Bf8 27. Qb2 Nc7 28. Qf2 Na6 29. Nf1 Nc5 30. Rde3 d5 31. cxd5 exd5 32. Bh3 dxe4 33. Bxd7 Qxd7 34. Bxc5 Bxc5 35. fxe4 Bxe4+ 36. Kg1 Qh3 37. Nd2 Bc6 38. R1e2 Kh7 39. Qf4 Re8 40. Nf1 Re4 41. Qf2 f5 42. Rc2 f4 0-1

[Event "AUT-chT2W 0708"]
[Site "Austria"]
[Date "2008.01.25"]
[Round "6.4"]
[White "Novkovic, Julia"]
[Black "Astl, Peter"]
[Result "0-1"]
[WhiteElo "2131"]
[BlackElo "2263"]
[PlyCount "84"]
[EventDate "2007.10.06"]
[EventType "team"]
[EventRounds "11"]
[EventCountry "AUT"]
[SourceTitle "EXT 2009"]
[Source "ChessBase"]
[SourceDate "2008.11.26"]
[SourceVersion "1"]
[SourceVersionDate "2008.11.26"]
[SourceQuality "1"]
[WhiteTeam "Dornbirn"]
[BlackTeam "Woergl"]
[WhiteTeamCountry "AUT"]
[BlackTeamCountry "AUT"]

1. e4 c6 2. d4 d5 3. Nc3 g6 4. Nge2 Bg7 5. h4 h5 6. Bg5 b5 7. a3 a6 8. Qd2 Bb7 9. 0-0-0 Nd7 10. e5 Nf8 11. Nf4 Bc8 12. Bd3 Be6 13. Nce2 Qc7 14. Kb1 Nh6 15. f3 a5 16. Rhe1 Qb6 17. c3 Kd7 18. Rc1 Nf5 19. Nxe6 Nxe6 20. Bxf5 gxf5 21. Ng3 b4 22. Nxf5 bxa3 23. Bxe7 axb2 24. Rc2 a4 25. Rxb2 Qa6 26. Bd6 Bf8 27. Ka1 a3 28. Rb3 Bxd6 29. Nxd6 Rhb8 30. Reb1 a2 31. Rb7+ Nc7 32. e6+ fxe6 33. Re1 Rxb7 34. Nxb7 Qxb7 35. Qh6 Qb3 36. Qg7+ Kc8 37. Qf8+ Kb7 38. Qc5 Ra6 39. Qb4+ Qxb4 40. cxb4 Nb5 41. Re2 Nxd4 42. Rxa2 Nf5 0-1

[Event "AUT-chT2W 0405"]
[Site "Austria"]
[Date "2005.01.23"]
[Round "8.3"]
[White "Lickleder, Andreas"]
[Black "Astl, Peter"]
[Result "0-1"]
[WhiteElo "2251"]
[BlackElo "2233"]
[PlyCount "92"]
[EventDate "2004.10.16"]
[EventType "team-tourn"]
[EventRounds "11"]
[EventCountry "AUT"]
[SourceTitle "EXT 2005"]
[Source "ChessBase"]
[SourceDate "2004.11.15"]
[SourceVersion "1"]
[SourceVersionDate "2004.11.15"]
[SourceQuality "1"]
[WhiteTeam "Salzburg Wuestenrot"]
[BlackTeam "Woergl"]
[WhiteTeamCountry "AUT"]
[BlackTeamCountry "AUT"]

1. e4 c6 2. d4 d5 3. Nd2 g6 4. h3 Bg7 5. Ngf3 dxe4 6. Nxe4 Nf6 7. Nxf6+ exf6 8. Bc4 0-0 9. 0-0 Nd7 10. Bb3 Nb6 11. Bd2 Bf5 12. Re1 Re8 13. Ba5 Qd7 14. c4 Be4 15. Bc3 Rad8 16. d5 Qc8 17. Ng5 fxg5 18. Bxg7 Bxg2 19. Kxg2 Kxg7 20. Qd4+ Kg8 21. Rac1 c5 22. Qd2 Qf5 23. Re3 g4 24. Rce1 gxh3+ 25. Rxh3 Rxe1 26. Qxe1 Nxc4 27. Rf3 Qg5+ 28. Kh1 Qxd5 29. Qc3 b5 30. a4 a6 31. axb5 axb5 32. Kg2 h5 33. Qf6 Rd6 34. Qe7 Qe6 35. Qc7 Qg4+ 36. Rg3 Qe4+ 37. Rf3 Qd5 38. Qe7 Kg7 39. Kg3 Rd7 40. Qf6+ Kg8 41. Kg2 Kh7 42. Qh4 Kh6 43. Qh3 Qg5+ 44. Rg3 Rd3 45. Rxg5 Rxh3 46. Bxc4 Kxg5 0-1

[Event "AUT-chT2W 0405"]
[Site "Austria"]
[Date "2005.01.22"]
[Round "7.3"]
[White "Astl, Peter"]
[Black "Pilz, Dieter"]
[Result "1/2-1/2"]
[WhiteElo "2233"]
[BlackElo "2303"]
[PlyCount "22"]
[EventDate "2004.10.16"]
[EventType "team-tourn"]
[EventRounds "11"]
[EventCountry "AUT"]
[SourceTitle "EXT 2005"]
[Source "ChessBase"]
[SourceDate "2004.11.15"]
[SourceVersion "1"]
[SourceVersionDate "2004.11.15"]
[SourceQuality "1"]
[WhiteTeam "Woergl"]
[BlackTeam "Absam"]
[WhiteTeamCountry "AUT"]
[BlackTeamCountry "AUT"]

1. Nf3 d5 2. d4 Nf6 3. c4 c6 4. cxd5 cxd5 5. Nc3 Nc6 6. Bf4 a6 7. e3 Bg4 8. Be2 e6 9. 0-0 Bd6 10. Ne5 Bxe5 11. Bxe5 Bxe2 1/2-1/2

[Event "AUT-chT2W 0304"]
[Site "Austria"]
[Date "2004.01.18"]
[Round "8"]
[White "Astl, Peter"]
[Black "Kornthaler, Reinhard"]
[Result "1/2-1/2"]
[WhiteElo "2240"]
[BlackElo "2087"]
[PlyCount "82"]
[EventDate "2003.10.18"]
[EventType "team-tourn"]
[EventRounds "11"]
[EventCountry "AUT"]
[SourceTitle "EXT 2005"]
[Source "ChessBase"]
[SourceDate "2004.11.15"]
[SourceVersion "1"]
[SourceVersionDate "2004.11.15"]
[SourceQuality "1"]
[WhiteTeam "Woergl"]
[BlackTeam "Schwaz"]
[WhiteTeamCountry "AUT"]
[BlackTeamCountry "AUT"]

1. Nf3 Nf6 2. d4 g6 3. Bf4 Bg7 4. e3 0-0 5. h3 d6 6. Nbd2 Nbd7 7. c3 Re8 8. Bh2 e5 9. dxe5 Nxe5 10. Be2 Qe7 11. 0-0 b6 12. a4 a5 13. Qc2 Bb7 14. Rfd1 Nxf3+ 15. Bxf3 Bxf3 16. Nxf3 Ne4 17. Nd4 Bh6 18. Re1 f5 19. Re2 Nf6 20. Rae1 Qe4 21. Qb3+ Qd5 22. Qxd5+ Nxd5 23. Nb5 Rac8 24. Bxd6 cxd6 25. Nxd6 Bf8 26. Nxe8 Rxe8 27. Rd1 Nf6 28. Red2 Be7 29. Rd4 Rc8 30. g3 Kf7 31. Kg2 h5 32. Kf3 Ke6 33. Ke2 Rc7 34. f3 Rc5 35. R1d3 g5 36. g4 hxg4 37. hxg4 fxg4 38. fxg4 Re5 39. Kf3 b5 40. axb5 Rxb5 41. Rd2 Rb8 1/2-1/2

[Event "AUT-chT2W 0203"]
[Site "Austria"]
[Date "2003.03.22"]
[Round "10"]
[White "Burschowsky, Matthias"]
[Black "Astl, Peter"]
[Result "1/2-1/2"]
[WhiteElo "2169"]
[BlackElo "2280"]
[PlyCount "28"]
[EventDate "2002.10.??"]
[EventType "team"]
[EventRounds "11"]
[EventCountry "AUT"]
[SourceTitle "EXT 2004"]
[Source "ChessBase"]
[SourceDate "2003.11.25"]
[SourceVersion "1"]
[SourceVersionDate "2003.11.25"]
[SourceQuality "1"]

1. Nf3 d5 2. c4 c6 3. b3 Bf5 4. d3 e6 5. Bb2 h6 6. g3 Nf6 7. Bg2 Nbd7 8. 0-0 Be7 9. Nbd2 0-0 10. a3 a5 11. Rc1 Bh7 12. Rc2 Re8 13. Qa1 Bf8 14. Rfc1 Qb6 1/2-1/2

[Event "AUT-chT2W 0203"]
[Site "Austria"]
[Date "2003.02.01"]
[Round "8"]
[White "Brumen, Dinko"]
[Black "Astl, Peter"]
[Result "1-0"]
[WhiteElo "2398"]
[BlackElo "2280"]
[PlyCount "51"]
[EventDate "2002.10.??"]
[EventType "team"]
[EventRounds "11"]
[EventCountry "AUT"]
[SourceTitle "EXT 2004"]
[Source "ChessBase"]
[SourceDate "2003.11.25"]
[SourceVersion "1"]
[SourceVersionDate "2003.11.25"]
[SourceQuality "1"]

1. d4 d5 2. c4 e6 3. Nc3 f5 4. Nf3 Nf6 5. Bf4 c6 6. e3 Be7 7. Bd3 0-0 8. Qc2 Bd7 9. h3 Ne4 10. g4 Na6 11. a3 Qa5 12. Ke2 b5 13. Ne5 Be8 14. c5 Qd8 15. f3 Nxc3+ 16. bxc3 Qc8 17. h4 Nb8 18. Rag1 h5 19. gxf5 exf5 20. Bh6 Bf6 21. Bxf5 Qa6 22. Be6+ Kh8 23. Ng6+ Bxg6 24. Qxg6 b4+ 25. Kf2 Qb7 26. Bf5 1-0

[Event "AUT-chT2W 0203"]
[Site "Austria"]
[Date "2002.11.29"]
[Round "4"]
[White "Astl, Peter"]
[Black "Hager, Franz"]
[Result "1-0"]
[WhiteElo "2280"]
[BlackElo "2265"]
[PlyCount "109"]
[EventDate "2002.10.??"]
[EventType "team"]
[EventRounds "11"]
[EventCountry "AUT"]
[SourceTitle "EXT 2004"]
[Source "ChessBase"]
[SourceDate "2003.11.25"]
[SourceVersion "1"]
[SourceVersionDate "2003.11.25"]
[SourceQuality "1"]

1. d4 f5 2. g3 Nf6 3. Bg2 d5 4. Nf3 e6 5. b3 c6 6. 0-0 Bd6 7. Ba3 Bxa3 8. Nxa3 Qe7 9. Qc1 0-0 10. c4 Bd7 11. Qb2 a5 12. c5 Be8 13. Nc2 Nbd7 14. b4 axb4 15. Nxb4 Bh5 16. Nd3 Ra7 17. Rfb1 Rfa8 18. Qc2 h6 19. Rb2 Bg6 20. Nfe5 Nxe5 21. Nxe5 Bh7 22. f4 Nd7 23. Nd3 Qd8 24. Rab1 Qc7 25. Qd2 Bg6 26. Bf3 Be8 27. Kf2 Nf6 28. Qe3 Bd7 29. Ne5 Bc8 30. Qb3 Ra3 31. Qb6 Qxb6 32. Rxb6 Rxa2 33. Rxb7 Bxb7 34. Rxb7 Ne4+ 35. Kg2 Nd2 36. Bh5 Ne4 37. Nxc6 Nc3 38. Ne7+ Kh7 39. c6 Nxe2 40. Bg6+ Kh8 41. c7 Nxd4+ 42. Kh3 Rc8 43. Rb8 Ra8 44. Rxa8 Rxa8 45. c8Q+ Rxc8 46. Nxc8 Kg8 47. Kg2 Kf8 48. Kf2 Nc6 49. Ke3 e5 50. fxe5 Nxe5 51. Bxf5 Kf7 52. Nb6 Kf6 53. Bh3 d4+ 54. Ke4 d3 55. Nd5+ 1-0

[Event "AUT-chT2W 0203"]
[Site "Austria"]
[Date "2002.10.13"]
[Round "3"]
[White "Astl, Peter"]
[Black "Weindl, Alfred"]
[Result "0-1"]
[WhiteElo "2280"]
[BlackElo "2371"]
[PlyCount "80"]
[EventDate "2002.10.??"]
[EventType "team"]
[EventRounds "11"]
[EventCountry "AUT"]
[SourceTitle "EXT 2004"]
[Source "ChessBase"]
[SourceDate "2003.11.25"]
[SourceVersion "1"]
[SourceVersionDate "2003.11.25"]
[SourceQuality "1"]

1. d4 g6 2. Nf3 Bg7 3. Bf4 d6 4. e3 Nd7 5. h3 e5 6. Bh2 Nh6 7. Be2 0-0 8. 0-0 Kh8 9. c4 f5 10. dxe5 dxe5 11. Nc3 g5 12. Qd5 c6 13. Qd6 Nf7 14. Qd2 Qe7 15. Ne1 Nf6 16. Rd1 Rg8 17. Kh1 h5 18. f4 exf4 19. exf4 g4 20. h4 Ne4 21. Nxe4 fxe4 22. g3 Bf5 23. Ng2 e3 24. Qa5 Nh6 25. Bg1 b6 26. Qa3 Qxa3 27. bxa3 Rge8 28. Kh2 Re7 29. Rd6 Nf7 30. Rdd1 Rae8 31. Ne1 Bb2 32. a4 Bc3 33. c5 bxc5 34. Nd3 Bd4 35. Nc1 Bc2 36. Nb3 Bxd1 37. Rxd1 Nd6 38. Nxd4 cxd4 39. Rxd4 Nf5 40. Rc4 Rb8 0-1

[Event "AUT-chT2W 0203"]
[Site "Austria"]
[Date "2002.10.11"]
[Round "1"]
[White "Astl, Peter"]
[Black "Heinzel, Olaf"]
[Result "0-1"]
[WhiteElo "2280"]
[BlackElo "2371"]
[PlyCount "52"]
[EventDate "2002.10.??"]
[EventType "team"]
[EventRounds "11"]
[EventCountry "AUT"]
[SourceTitle "EXT 2004"]
[Source "ChessBase"]
[SourceDate "2003.11.25"]
[SourceVersion "1"]
[SourceVersionDate "2003.11.25"]
[SourceQuality "1"]

1. d4 Nf6 2. c3 e6 3. Bg5 h6 4. Bh4 b6 5. e3 Bb7 6. Nd2 Be7 7. f4 d6 8. Bb5+ Nbd7 9. Ngf3 a6 10. Bd3 Nd5 11. Bf2 g5 12. fxg5 hxg5 13. 0-0 g4 14. Ne1 g3 15. hxg3 Bg5 16. Qf3 Qe7 17. Ne4 f5 18. Nxg5 Qxg5 19. g4 fxg4 20. Qe4 0-0-0 21. Bg3 Qh6 22. Rf7 Nxe3 23. Qf4 Qh1+ 24. Kf2 Nxg2 25. Be4 Nxf4 26. Bxh1 Nh3+ 0-1

[Event "AUT-chT2W 0102"]
[Site "Austria"]
[Date "2001.11.24"]
[Round "5.4"]
[White "Lutzenberger, Reimund"]
[Black "Astl, Peter"]
[Result "0-1"]
[WhiteElo "2203"]
[BlackElo "2264"]
[PlyCount "118"]
[EventDate "2001.10.12"]
[EventType "team"]
[EventRounds "11"]
[EventCountry "AUT"]
[SourceTitle "EXT 2002"]
[Source "ChessBase"]
[SourceDate "2001.11.25"]
[SourceVersion "1"]
[SourceVersionDate "2001.11.25"]
[SourceQuality "1"]

1. e4 c6 2. d4 d5 3. exd5 cxd5 4. c4 Nf6 5. Nc3 g6 6. Bg5 Bg7 7. Nf3 Nbd7 8. c5 0-0 9. Be2 Ne4 10. Bf4 Qa5 11. 0-0 Nxc3 12. bxc3 e5 13. Bd2 Qc7 14. Qb3 e4 15. Ne1 Nf6 16. Nc2 Bd7 17. Ne3 Bc6 18. Rac1 Qd7 19. Nc2 Ne8 20. f3 exf3 21. Bxf3 Nc7 22. Bf4 Rfd8 23. Nb4 Rac8 24. Rce1 a5 25. Nxc6 bxc6 26. Bd6 Ne6 27. Qa4 Bh6 28. Re2 Bf8 29. Bg3 Ra8 30. Rb2 Rdc8 31. Rfb1 Ng5 32. Qd1 Ra7 33. Rb8 Rxb8 34. Rxb8 Rb7 35. Rxb7 Qxb7 36. Qe2 Qb1+ 37. Kf2 a4 38. Bf4 Ne6 39. Be3 a3 40. g3 Be7 41. Qd2 h5 42. Bd1 Qf5+ 43. Kg2 Bg5 44. h4 Qe4+ 45. Kf2 Bd8 46. Qc1 Qh1 47. Bb3 Qh2+ 48. Kf3 Bc7 49. Qg1 Qh3 50. Qg2 Qf5+ 51. Ke2 Ng7 52. Kd2 Qb1 53. Qf3 Qb2+ 54. Kd3 Nf5 55. Bf4 Ba5 56. Bd2 Nxd4 57. Kxd4 Qxd2+ 58. Ke5 Bc7+ 59. Kf6 Qe1 0-1

[Event "AUT-chT2W 9697"]
[Site "Austria"]
[Date "1997.??.??"]
[Round "11"]
[White "Astl, Peter"]
[Black "Opl, Klaus"]
[Result "0-1"]
[WhiteElo "2270"]
[BlackElo "2300"]
[PlyCount "128"]
[EventDate "1996.??.??"]
[EventType "team"]
[EventRounds "11"]
[EventCountry "AUT"]
[SourceTitle "EXT 1998"]
[Source "ChessBase"]
[SourceDate "1997.11.17"]
[SourceVersion "1"]
[SourceVersionDate "1997.11.17"]
[SourceQuality "1"]

1. d4 Nf6 2. Bg5 d5 3. e3 e6 4. Nd2 Be7 5. Bd3 b6 6. Qe2 Bb7 7. Ngf3 0-0 8. Ne5 Ne4 9. Bf4 f6 10. Nef3 c5 11. c3 Nd7 12. 0-0 g5 13. Bg3 f5 14. Ne5 Nxg3 15. hxg3 Nxe5 16. dxe5 g4 17. f4 gxf3 18. gxf3 Rf7 19. Kf2 Rg7 20. f4 Kh8 21. Nf3 Qd7 22. Rh1 Rag8 23. Rh3 Rg6 24. Rah1 R8g7 25. Rg1 Qd8 26. Nh2 d4 27. exd4 cxd4 28. c4 Qa8 29. g4 Be4 30. g5 Bxd3 31. Rxd3 Qe4 32. Qxe4 fxe4 33. Rxd4 Bc5 34. Ke3 h6 35. Kxe4 Bxd4 36. Kxd4 hxg5 37. fxg5 Rxg5 38. Rxg5 Rxg5 39. Nf3 Rg2 40. b4 Kg7 41. a4 Kf7 42. a5 Rg4+ 43. Kd3 bxa5 44. bxa5 Rg3 45. Ke4 Ke7 46. Nd4 Kd7 47. c5 a6 48. c6+ Ke7 49. Nf3 Rg4+ 50. Kd3 Ra4 51. c7 Kd7 52. Nd4 Rxa5 53. Nxe6 Rxe5 54. Nd4 Kxc7 55. Kc4 Kb6 56. Nc2 Rh5 57. Kb4 Rh4+ 58. Kb3 Kc5 59. Ka3 Kb5 60. Kb3 Rh3+ 61. Kb2 a5 62. Nd4+ Kc4 63. Nc2 Rh2 64. Kb1 a4 0-1

[Event "AUT-chT2W 9697"]
[Site "Austria"]
[Date "1997.??.??"]
[Round "6"]
[White "Thoma, Robert"]
[Black "Astl, Peter"]
[Result "1/2-1/2"]
[WhiteElo "2270"]
[BlackElo "2270"]
[PlyCount "33"]
[EventDate "1996.??.??"]
[EventType "team"]
[EventRounds "11"]
[EventCountry "AUT"]
[SourceTitle "EXT 1998"]
[Source "ChessBase"]
[SourceDate "1997.11.17"]
[SourceVersion "1"]
[SourceVersionDate "1997.11.17"]
[SourceQuality "1"]

1. Nf3 d5 2. g3 c6 3. Bg2 Bf5 4. b3 e6 5. Bb2 Nd7 6. d3 h6 7. 0-0 Ngf6 8. c4 Be7 9. Nbd2 0-0 10. Rc1 a5 11. a3 Bh7 12. Rc2 Ne8 13. Qa1 Bf6 14. Rfc1 Qe7 15. Bxf6 Nexf6 16. Qb2 c5 17. Ne5 1/2-1/2

[Event "Wattens op 10th"]
[Site "Wattens"]
[Date "1995.??.??"]
[Round "?"]
[White "Kuba, Guenter"]
[Black "Astl, Peter"]
[Result "1-0"]
[WhiteElo "2150"]
[BlackElo "2260"]
[PlyCount "53"]
[EventDate "1995.??.??"]
[EventType "swiss"]
[EventRounds "9"]
[EventCountry "AUT"]
[SourceTitle "EXT 2000"]
[Source "ChessBase"]
[SourceDate "1999.11.16"]
[SourceVersion "1"]
[SourceVersionDate "1999.11.16"]
[SourceQuality "1"]

1. e4 c6 2. d4 d5 3. Nd2 g6 4. c3 Bg7 5. Ngf3 Nh6 6. Bd3 0-0 7. Qc2 f6 8. Nf1 Nf7 9. Be3 e5 10. 0-0-0 Qe7 11. dxe5 fxe5 12. h4 Re8 13. Ng3 Nd6 14. h5 Nd7 15. hxg6 hxg6 16. Nh4 d4 17. cxd4 exd4 18. Bf4 Ne5 19. Bxe5 Qxe5 20. Nxg6 Qg5+ 21. Kb1 Bg4 22. Rdf1 Qa5 23. e5 Bxe5 24. f4 Bf6 25. Ne5 Be6 26. Bc4 Nxc4 27. Qh7+ 1-0

[Event "Wattens op 10th"]
[Site "Wattens"]
[Date "1995.??.??"]
[Round "?"]
[White "Niedermayer, Anton"]
[Black "Astl, Peter"]
[Result "0-1"]
[WhiteElo "2035"]
[BlackElo "2260"]
[PlyCount "66"]
[EventDate "1995.??.??"]
[EventType "swiss"]
[EventRounds "9"]
[EventCountry "AUT"]
[SourceTitle "EXT 2000"]
[Source "ChessBase"]
[SourceDate "1999.11.16"]
[SourceVersion "1"]
[SourceVersionDate "1999.11.16"]
[SourceQuality "1"]

1. c4 c6 2. Nc3 d5 3. cxd5 cxd5 4. d4 Nf6 5. Nf3 Nc6 6. g3 Bf5 7. Bg2 e6 8. 0-0 Be7 9. Bf4 0-0 10. Rc1 Ne4 11. h3 Rc8 12. g4 Bg6 13. e3 Qa5 14. Qb3 Qb4 15. Qxb4 Nxb4 16. Ne5 Nxc3 17. bxc3 Nd3 18. Nxg6 hxg6 19. Rb1 Nxf4 20. exf4 b6 21. Rb3 f5 22. Re1 Kf7 23. Bf1 Bd6 24. Bb5 Rc7 25. a4 Bxf4 26. Re2 Kf6 27. f3 Ke7 28. Kg2 Kd6 29. Rc2 Bg5 30. a5 bxa5 31. Ra2 Rb8 32. Rxa5 Rcb7 33. Ra6+ Ke7 0-1

[Event "Wattens op 03rd"]
[Site "Wattens"]
[Date "1988.??.??"]
[Round "9"]
[White "Hresc, Vladimir"]
[Black "Astl, Peter"]
[Result "0-1"]
[WhiteElo "2355"]
[BlackElo "2164"]
[PlyCount "82"]
[EventDate "1988.??.??"]
[EventType "swiss"]
[EventRounds "9"]
[EventCountry "AUT"]
[SourceTitle "EXT 2010"]
[Source "ChessBase"]
[SourceDate "2010.11.25"]
[SourceVersion "1"]
[SourceVersionDate "2010.11.25"]
[SourceQuality "1"]

1. e4 c6 2. Nc3 d5 3. Nf3 Bg4 4. h3 Bxf3 5. Qxf3 e6 6. g3 Nf6 7. Bg2 Be7 8. d3 0-0 9. Bd2 Nbd7 10. Qe2 b5 11. f4 Ne8 12. Nd1 Nc7 13. Nf2 Rb8 14. g4 Bh4 15. 0-0-0 b4 16. d4 a5 17. Nd3 Be7 18. Ne5 Nxe5 19. dxe5 Nb5 20. Qd3 Qb6 21. Be3 Qb7 22. exd5 cxd5 23. Bd4 Rfc8 24. Bf1 Qc6 25. Rh2 a4 26. Qe3 Nxd4 27. Qxd4 b3 28. axb3 axb3 29. c3 Rb4 30. Qa7 Bc5 31. Qa6 Be3+ 32. Kb1 Rb6 33. Qe2 d4 34. Rd3 Qa4 35. Rxe3 Qa2+ 36. Kc1 Qa1+ 37. Kd2 Qxb2+ 38. Ke1 Qc1+ 39. Kf2 dxe3+ 40. Qxe3 Qxe3+ 41. Kxe3 b2 0-1